000 00574nam a2200181Ia 4500
003 GCL
008 140319s9999 xx 000 0 ara d
040 _aGCL /
_cGCL
082 0 4 _a819
_bز ا
100 1 _aزكريا ابراهيم
245 1 0 _aابوحيان التوحيدى اديب الفلاسفة وفيلسوف الادباء /
_cزكريا ابراهيم
490 _a
650 0 4 _aالادباء
650 0 4 _aالفلاسفة العرب
650 0 4 _aابوحيان التوحيدى
650 0 4 _aالادباء العرب - تراجم
942 _2ddc
_cBK
999 _c39414
_d39414